[Event ""]
[Site ""]
[Date "????.??.??"]
[Round "1"]
[White "Ìóëåíêî Àëåêñàíäð"]
[Black "Èâàíîâ Ãëåá"]
[Result "1/2-1/2"]
[WhiteElo "2201"]
[BlackElo "1923"]
[Annotator ""]
[Source ""]
[Remark ""]

1.d4 Nf6 2.Nf3 d5 3.c4 e6 4.Nc3 Nbd7 5.g3 Bb4 6.Bg2 O-O 7.O-O
Bxc3 8.bxc3 b6 9.cxd5 exd5 10.Ne5 Bb7 11.Bg5 Qe8 12.Nxd7 Nxd7
13.c4 Qe6 14.Rc1 Rac8 15.Bf4 c6 16.cxd5 cxd5 17.Qa4 a6 18.Bc7
Nf6 19.Rc2 b5 20.Qb4 Rfe8 21.Rfc1 Ne4 22.f3 Ng5 23.Qd2 Qg6 24.Bf4
Rxc2 25.Qxc2 Ne6 26.Qxg6 hxg6 27.Be3 Kf8 28.Bf2 a5 29.e3 1/2-1/2

[Event ""]
[Site ""]
[Date "????.??.??"]
[Round "1"]
[White "Ðàêîâ Ìèõàèë"]
[Black "Ãàëèåâ Àçàò"]
[Result "0-1"]
[WhiteElo "1912"]
[BlackElo "2200"]
[Annotator ""]
[Source ""]
[Remark ""]

1.d4 g6 2.e4 Bg7 3.Nf3 d6 4.Bc4 e6 5.O-O Ne7 6.d5 e5 7.Ng5 h6
8.Nf3 O-O 9.Bd3 f5 10.c4 f4 11.b4 a5 12.Bd2 axb4 13.Bxb4 Na6
14.Qb3 Nxb4 15.Qxb4 b6 16.a4 g5 17.Nc3 Ng6 18.a5 g4 19.Nd2 Rb8
20.axb6 Rxb6 21.Qa3 Qh4 22.g3 Qg5 23.Qc1 h5 24.Na4 Rb4 25.Qc3
Rb8 26.c5 h4 27.Nc4 hxg3 28.fxg3 Qh6 29.cxd6 cxd6 30.Nd2 Nh8
31.Nb6 Nf7 32.Nxc8 Rbxc8 0-1

[Event ""]
[Site ""]
[Date "????.??.??"]
[Round "1"]
[White "Çàñûïêèí Àëåêñåé"]
[Black "Äîëãîâà Òàìàðà"]
[Result "1-0"]
[WhiteElo "2195"]
[BlackElo "1907"]
[Annotator ""]
[Source ""]
[Remark ""]

1.d4 d5 2.c4 e6 3.Nf3 c5 4.g3 cxd4 5.cxd5 Qxd5 6.Qxd4 Qxd4 7.Nxd4
a6 8.Bg2 Bb4+ 9.Nd2 Ne7 10.O-O Nbc6 11.N4b3 O-O 12.Nc4 b5 13.Nca5
Bd7 14.Rd1 Nd5 15.Nb7 Ra7 16.N7c5 Bxc5 17.Nxc5 Nce7 18.e4 Nf6
19.Be3 Rc7 20.Nxa6 Rc2 21.Bc5 Re8 22.b4 Ng6 23.e5 Nxe5 24.Bd4
Bc8 25.Bxe5 Bxa6 26.Rd6 Ng4 27.Bd4 e5 28.Bc5 Bc8 29.Be4 Re2 30.Bc6
Rf8 31.Rad1 Be6 32.Rd8 1-0

[Event ""]
[Site ""]
[Date "????.??.??"]
[Round "1"]
[White "Ïèùóðèíà Åêàòåðèíà"]
[Black "Ïîïåëûøåâ Èãîðü"]
[Result "0-1"]
[WhiteElo "1902"]
[BlackElo "2190"]
[Annotator ""]
[Source ""]
[Remark ""]

1.e4 c5 2.Nf3 Nc6 3.d4 cxd4 4.Nxd4 e5 5.Nb5 a6 6.Nd6+ Bxd6 7.Qxd6
Qf6 8.Qd1 Qg6 9.Nc3 Nge7 10.Be3 d6 11.Qd2 Be6 12.O-O-O O-O 13.Be2
Rfd8 14.f4 exf4 15.Bb6 Rd7 16.Qxf4 d5 17.exd5 Nxd5 18.Nxd5 Rxd5
19.Bf3 Rb5 20.Be3 Nb4 21.Qc7 h6 22.a3 Nd5 23.Qe5 Rc8 24.Rd2 Nb4
25.Qe4 Bf5 26.Qe7 Nxc2 27.Rd8+ Rxd8 28.Qxd8+ Kh7 29.Bf2 Nxa3
30.Re1 Nc4 31.Re8 Qg5+ 0-1

[Event ""]
[Site ""]
[Date "????.??.??"]
[Round "1"]
[White "Ñåìåíåíêî Ñåðãåé"]
[Black "Ñåðãèåíêî Àíòîí"]
[Result "1-0"]
[WhiteElo "2173"]
[BlackElo "1902"]
[Annotator ""]
[Source ""]
[Remark ""]

1.d4 Nf6 2.c4 e6 3.Nc3 Bb4 4.e3 O-O 5.Nge2 d5 6.a3 Bxc3+ 7.Nxc3
b6 8.cxd5 exd5 9.Bd3 Bb7 10.b4 Nbd7 11.Qb3 Qc8 12.Rb1 Rb8 13.b5
c5 14.bxc6 Qxc6 15.Bd2 Qe6 16.f3 Rbc8 17.O-O Rfd8 18.Rfc1 Ne8
19.Ne2 Qh6 20.Rd1 Qh4 21.Be1 Qe7 22.Kh1 Nd6 23.Nf4 Nf6 24.Bb4
Kh8 25.Re1 Qd7 26.Bxd6 Qxd6 27.Rbc1 Rc7 28.Rxc7 Qxc7 29.Ne2 Rc8
30.Kg1 Qe7 31.Kf2 Ne8 32.g3 Nd6 33.Nf4 Nc4 34.Re2 g6 35.h4 Qf6
36.Rc2 Qc6 37.e4 Qd6 38.Bxc4 dxc4 39.Rxc4 Rxc4 40.Qxc4 Qxa3 41.Qxf7
Qb2+ 42.Ne2 1-0

[Event ""]
[Site ""]
[Date "????.??.??"]
[Round "1"]
[White "Èñàåâ Åâãåíèé"]
[Black "Íåôåäîâ Ñåðãåé"]
[Result "1/2-1/2"]
[WhiteElo "1897"]
[BlackElo "2170"]
[Annotator ""]
[Source ""]
[Remark ""]

1.d4 Nf6 2.c4 c5 3.d5 b5 4.cxb5 a6 5.b6 Qxb6 6.Nc3 g6 7.e4 d6
8.Bd3 Bg7 9.Nge2 O-O 10.O-O Nbd7 11.h3 a5 12.a4 Ne5 13.Be3 Nxd3
14.Qxd3 Ba6 15.Qc2 Rab8 16.Rab1 Qb4 17.f3 Nd7 18.Rfd1 Bc4 19.Qd2
Bb3 20.Rdc1 Ne5 21.Bg5 Rb7 22.Rf1 Nc4 23.Qc1 Rc8 24.Ra1 Ne5 25.Qd2
Bc4 26.f4 Bxe2 27.Qxe2 Nc4 28.Rfb1 Nxb2 29.Nd1 Qd4+ 30.Kh1 Nxd1
31.Rxd1 Qb2 32.Qa6 Rcb8 33.Rab1 Qxb1 34.Rxb1 Rxb1+ 35.Kh2 f6
36.Bh4 Bh6 37.Bg3 R1b4 38.e5 Bf8 39.Qxa5 f5 40.Qc7 R4b7 41.Qc6
Ra7 42.exd6 exd6 43.Be1 Rbb7 44.Ba5 Rxa5 45.Qxb7 Rxa4 46.Kg3
Ra3+ 47.Kf2 h5 48.Qd7 Ra6 49.Qe6+ Kh7 50.g4 fxg4 51.hxg4 1/2-1/2

[Event ""]
[Site ""]
[Date "????.??.??"]
[Round "1"]
[White "Áðóÿöêèé Åâãåíèé"]
[Black "Àëèåâà Íóðëàíà"]
[Result "1-0"]
[WhiteElo "2168"]
[BlackElo "1873"]
[Annotator ""]
[Source ""]
[Remark ""]

1.d4 c5 2.d5 e6 3.c4 exd5 4.cxd5 d6 5.Nc3 g6 6.e4 a6 7.Nf3 b5
8.a4 b4 9.Nb1 Bg7 10.Nbd2 Nh6 11.Nc4 f5 12.Bd3 fxe4 13.Bxe4 O-O
14.O-O Bg4 15.Re1 Qc7 16.Qd3 Bxf3 17.Bxf3 Nd7 18.Bg5 Rae8 19.Re6
Nf5 20.Rae1 Ne5 21.Nxe5 Bxe5 22.Bg4 Qf7 23.Bxf5 Qxf5 24.Qxf5
gxf5 25.Be7 c4 26.Bxf8 Rxe6 27.dxe6 Kxf8 28.Re2 Bf6 29.Kf1 d5
30.Ke1 d4 31.f4 c3 32.bxc3 bxc3 33.Kd1 d3 34.Re3 d2 35.Rh3 Kg7
36.Rd3 Kf8 37.Rd7 Kg8 38.Kc2 a5 39.Ra7 Bd4 40.Ra8+ 1-0

[Event ""]
[Site ""]
[Date "????.??.??"]
[Round "1"]
[White "Ïÿòíèöûí Ìàêñèì"]
[Black "Ïðîõîðîâ Ñåðãåé"]
[Result "1/2-1/2"]
[WhiteElo "1857"]
[BlackElo "2168"]
[Annotator ""]
[Source ""]
[Remark ""]

1.e4 c5 2.c3 Nf6 3.e5 Nd5 4.d4 e6 5.Nf3 d6 6.Bd3 Nc6 7.a3 dxe5
8.dxe5 Be7 9.O-O Qc7 10.Qe2 Nb6 11.Re1 Na5 12.Bc2 c4 13.Nd4 Bd7
14.Nd2 Bc5 15.N2f3 h6 16.b4 cxb3 17.Nxb3 Nxb3 18.Bxb3 Bc6 19.Rd1
Rd8 20.Rxd8+ Qxd8 21.Be3 Qe7 22.Nd4 Bxd4 23.Bxd4 Qc7 24.Re1 Nd5
25.Bxd5 Bxd5 26.Bxa7 Qxc3 27.Qe3 Qxe3 28.Rxe3 Kd7 29.Rc3 1/2-1/2

[Event ""]
[Site ""]
[Date "????.??.??"]
[Round "1"]
[White "Êîòîâ Äìèòðèé"]
[Black "Àáäðàõìàíîâ Ðàìèñ"]
[Result "1-0"]
[WhiteElo "2165"]
[BlackElo "1855"]
[Annotator ""]
[Source ""]
[Remark ""]

1.e4 c5 2.Nf3 d6 3.d4 cxd4 4.Nxd4 Nf6 5.f3 e6 6.c4 Be7 7.Nc3
a6 8.Be3 Qc7 9.Rc1 Nbd7 10.Be2 O-O 11.O-O b6 12.Qd2 Bb7 13.Rfd1
Rfd8 14.Qe1 Rac8 15.Qf2 Qb8 16.Nc2 Ba8 17.Nb4 Nc5 18.Nd3 Nfd7
19.Bd4 Ne5 20.b3 Bf6 21.Nxe5 Bxe5 22.b4 Bxd4 23.Rxd4 e5 24.Rd2
Ne6 25.Rcd1 Nd4 26.a4 Qc7 27.Bd3 Bc6 28.h4 a5 29.Rb2 Bd7 30.Nd5
Qa7 31.Ne7+ Kh8 32.Nxc8 Rxc8 33.Rdb1 Bxa4 34.bxa5 bxa5 35.Rb7
Qc5 36.Rxf7 Bb3 37.f4 exf4 38.Rxf4 Ne6 39.Rf5 Qxf2+ 40.Kxf2 Nc5
41.Rxc5 1-0

[Event ""]
[Site ""]
[Date "????.??.??"]
[Round "?"]
[White "Ìèðîíîâà Íàòàëüÿ"]
[Black "Ìàëûãèí Àëåêñàíäð"]
[Result "0-1"]
[WhiteElo "1844"]
[BlackElo "2164"]
[Annotator ""]
[Source ""]
[Remark ""]

1.e4 Nc6 2.Nf3 d6 3.d4 Bg4 4.Be2 Nf6 5.Nc3 g6 6.h3 Bxf3 7.Bxf3
Bg7 8.Be3 O-O 9.Qd2 e5 10.d5 Nd4 11.Bxd4 exd4 12.Qxd4 Nxe4 13.Qd3
Nxc3 14.bxc3 Re8+ 15.Kf1 Qf6 16.g3 Qxc3 17.Qxc3 Bxc3 18.Rb1 Rab8
19.Kg2 b5 20.Rb3 b4 21.h4 h6 22.Rbb1 Rb6 23.Rb3 Ra6 24.Rxc3 bxc3
25.Ra1 Rb6 26.Kf1 Rb2 27.Bd1 Re5 28.a4 Rxd5 29.Ke2 Rd2+ 30.Ke3
d5 0-1

[Event ""]
[Site ""]
[Date "????.??.??"]
[Round "1"]
[White "Øóëàêîâà Ñâåòëàíà"]
[Black "Êîâàëåâ Åâãåíèé"]
[Result "1-0"]
[WhiteElo "2158"]
[BlackElo "1830"]
[Annotator ""]
[Source ""]
[Remark ""]

1.d4 Nf6 2.c4 g6 3.Nc3 Bg7 4.e4 d6 5.Be2 O-O 6.Bg5 h6 7.Be3 e5
8.d5 Nfd7 9.g4 Nf6 10.g5 Nh7 11.gxh6 Bh8 12.Nf3 Bg4 13.Rg1 Bxf3
14.Bxf3 Bf6 15.Qd2 Kh8 16.O-O-O a6 17.Kb1 Qe8 18.c5 Qd8 19.Na4
Qe8 20.Qb4 a5 21.Qxb7 Na6 22.Qc6 Qxc6 23.dxc6 dxc5 24.Nxc5 Nxc5
25.Bxc5 Rfd8 26.Rd7 Rxd7 27.cxd7 Ng5 28.Bg2 Kh7 29.Be3 Ne6 30.Bh3
Rd8 31.Bxe6 fxe6 32.Rd1 Ra8 33.Rc1 g5 34.Rxc7 Rd8 35.Ra7 Kxh6
36.Kc2 Kh5 37.h3 g4 38.hxg4+ Kxg4 39.Kd3 Kf3 40.b3 Bh4 41.Bb6
Rb8 42.Bxa5 Kxf2 43.Ra6 Bd8 44.Bxd8 Rxd8 45.Rd6 Kf3 46.b4 1-0

[Event ""]
[Site ""]
[Date "????.??.??"]
[Round "1"]
[White "Èíÿêèíà Èëèíà"]
[Black "Ãàíè÷åâ Àëåêñàíäð"]
[Result "0-1"]
[WhiteElo "1820"]
[BlackElo "2154"]
[Annotator ""]
[Source ""]
[Remark ""]

1.d4 d5 2.Nf3 Nf6 3.Bf4 e6 4.e3 c5 5.c3 Nc6 6.Nbd2 Bd6 7.Bxd6
Qxd6 8.Be2 O-O 9.O-O e5 10.dxe5 Nxe5 11.Qc2 Bg4 12.Rfe1 Rac8
13.Nxe5 Qxe5 14.Bxg4 Nxg4 15.Nf3 Qe4 16.Qxe4 dxe4 17.h3 exf3
18.hxg4 fxg2 19.Kxg2 Rc6 20.Rad1 Rg6 21.Rd7 Rxg4+ 22.Kf3 Ra4
23.Rxb7 Rxa2 24.Rd1 g6 25.Rdd7 c4 26.Kg3 h5 27.Kh4 Kg7 28.Kg3
Kh6 29.Rdc7 g5 30.Rxc4 h4+ 31.Kg2 Kg6 32.Rc5 Ra1 33.Rd5 g4 34.e4
Re1 35.Rxa7 Rxe4 36.Ra6+ f6 37.Rad6 Rh8 38.Rd4 h3+ 39.Kh1 Re1+
40.Kh2 Kg5 41.Rd2 f5 42.b4 f4 43.R2d3 Kh4 44.R6d4 Ra8 45.Rd1
Rxd1 46.Rxd1 g3+ 47.fxg3+ fxg3+ 48.Kh1 h2 0-1

[Event ""]
[Site ""]
[Date "????.??.??"]
[Round "1"]
[White "Óðàåâ Èâàí"]
[Black "Êîëåñíèêîâ Ëåâ"]
[Result "1-0"]
[WhiteElo "2150"]
[BlackElo "1819"]
[Annotator ""]
[Source ""]
[Remark ""]

1.e4 c5 2.Nf3 Nc6 3.d4 cxd4 4.Nxd4 Nf6 5.Nc3 d6 6.Bc4 e6 7.Bb3
Be7 8.Be3 O-O 9.f3 a6 10.Qd2 Qc7 11.g4 Nxd4 12.Bxd4 e5 13.Be3
Be6 14.O-O-O Bxb3 15.axb3 Qa5 16.Kb1 Rfd8 17.g5 Ne8 18.Qf2 Rd7
19.Bb6 Qb4 20.Nd5 Qb5 21.f4 exf4 22.Qxf4 Bf8 23.Rhe1 Rc8 24.Rd3
Nc7 25.Nf6+ Kh8 26.Rh3 gxf6 27.Rxh7+ Kxh7 28.Qh4+ Kg6 29.gxf6 1-0

[Event ""]
[Site ""]
[Date "????.??.??"]
[Round "1"]
[White "Ïîëîíîâñêèé Ãðèãîðèé"]
[Black "Àðáóçîâ Èâàí"]
[Result "1-0"]
[WhiteElo "2141"]
[BlackElo "1802"]
[Annotator ""]
[Source ""]
[Remark ""]

1.Nf3 d5 2.c4 c6 3.e3 Nf6 4.Nc3 e6 5.b3 Bd6 6.d4 O-O 7.Bd3 b6
8.O-O Re8 9.Ne5 c5 10.f4 Bb7 11.cxd5 exd5 12.Bb2 Ne4 13.Nxe4
dxe4 14.Bc4 Rf8 15.Qh5 Qe8 16.f5 b5 17.f6 bxc4 18.Qg5 g6 19.Qh6
Kh8 20.Qg7# 1-0

[Event ""]
[Site ""]
[Date "????.??.??"]
[Round "1"]
[White "Áàëòèí Èëüäàð"]
[Black "Òðîôèìîâ Âëàäèìèð"]
[Result "0-1"]
[WhiteElo "1802"]
[BlackElo "2141"]
[Annotator ""]
[Source ""]
[Remark ""]

1.Nf3 Nf6 2.d4 g6 3.g3 Bg7 4.Bg2 O-O 5.Nbd2 c5 6.e4 cxd4 7.Nxd4
Nc6 8.c3 d5 9.Nxc6 bxc6 10.O-O Rb8 11.Qc2 e5 12.Re1 Qc7 13.a3
Re8 14.b4 Be6 15.c4 d4 16.c5 a5 17.Rb1 axb4 18.axb4 Nd7 19.Bf1
Bh6 20.Bc4 Bxd2 21.Bxd2 Nf8 22.f4 Qe7 23.Bxe6 Qxe6 24.fxe5 Nd7
25.Kg2 Ra8 26.Bf4 Ra2 27.Rb2 d3 28.Qc3 Rea8 29.Reb1 g5 30.Bxg5
Nxe5 31.Rf1 Rxb2+ 32.Qxb2 Ra2 33.Rf2 Rxb2 34.Rxb2 Nc4 0-1

[Event ""]
[Site ""]
[Date "????.??.??"]
[Round "1"]
[White "Êîçûðåâ Ñåðãåé"]
[Black "Øìàðèíà Äàðüÿ"]
[Result "1-0"]
[WhiteElo "2135"]
[BlackElo "1757"]
[Annotator ""]
[Source ""]
[Remark ""]

1.Nf3 d5 2.e3 Nf6 3.c4 e6 4.b3 c5 5.Bb2 Nc6 6.cxd5 Nxd5 7.Be2
f6 8.O-O Bd6 9.Nc3 Nde7 10.Ne4 O-O 11.Rc1 b6 12.Qc2 Bb8 13.Rfd1
Nb4 14.Qb1 Bb7 15.d4 cxd4 16.Nxd4 Qd7 17.Nf5 Ned5 18.Nfg3 Qe7
19.a3 Nc6 20.Nc3 Na5 21.b4 Nxc3 22.Bxc3 Nc6 23.b5 Ne5 24.Bb4
Qf7 25.Bxf8 Qxf8 26.Qb4 Qe8 27.Bh5 g6 28.Be2 Nf7 29.Ne4 Kg7 30.f4
e5 31.Bc4 exf4 32.Bxf7 Kxf7 33.Qb3+ Kg7 34.Nd6 Bxd6 35.Rxd6 Qe4
36.Rc7+ Kh6 37.Rxb7 Qxb7 38.exf4 Qe4 39.Qh3+ Kg7 40.Rd7+ Kf8
41.Qf3 Qe1+ 42.Qf1 Qe3+ 43.Kh1 Qxa3 44.Rxh7 Kg8 45.Rc7 Rd8 46.Qc4+
Kh8 47.h3 Qa1+ 48.Kh2 Rf8 49.Qd3 Qa4 50.Qd6 Kg8 51.Qe6+ Kh8 52.Qg4
Qxb5 53.Qxg6 1-0

[Event ""]
[Site ""]
[Date "????.??.??"]
[Round "1"]
[White "Óëÿøåâ Íèêîëàé"]
[Black "Äåðÿáèíà Ñâåòëàíà"]
[Result "1-0"]
[WhiteElo "1716"]
[BlackElo "2133"]
[Annotator ""]
[Source ""]
[Remark ""]

1.e4 c5 2.Nf3 e6 3.d4 cxd4 4.Nxd4 a6 5.c4 Nf6 6.Nc3 d6 7.Be2
Be7 8.O-O O-O 9.b3 Qc7 10.f4 b6 11.Bf3 Bb7 12.f5 exf5 13.Nxf5
Nc6 14.Nd5 Nxd5 15.exd5 Ne5 16.Be4 Bf6 17.Nh6+ Kh8 18.Rxf6 gxf6
19.Qf1 Qe7 20.Qf5 Ng6 21.Bb2 Kg7 22.Ng4 Kg8 23.Nxf6+ Kg7 24.Rf1
Bc8 25.Qh5 Rh8 26.Nd7+ Ne5 27.Nxe5 dxe5 28.Bxe5+ Kg8 29.Bxh8
f5 30.Bxf5 1-0

[Event ""]
[Site ""]
[Date "????.??.??"]
[Round "1"]
[White "Ëàçàðåâ Àíàòîëèé"]
[Black "Ôèëîíåíêî Åëåíà"]
[Result "1-0"]
[WhiteElo "2133"]
[BlackElo "1559"]
[Annotator ""]
[Source ""]
[Remark ""]

1.d4 Nf6 2.Nf3 d6 3.c4 Nbd7 4.Nc3 e5 5.g3 Be7 6.Bg2 O-O 7.O-O
a5 8.e3 c6 9.b3 Re8 10.Bb2 Bf8 11.Qc2 e4 12.Nd2 d5 13.cxd5 cxd5
14.Nb5 Ra6 15.Qc7 Rc6 16.Qxd8 Rxd8 17.Rfc1 Nb8 18.Na7 Rxc1+ 19.Rxc1
Bd7 20.Rc7 b5 21.Bf1 b4 22.f3 Ne8 23.Rb7 f5 24.Bh3 Nd6 25.Rb6
Be7 26.fxe4 Nxe4 27.Nxe4 dxe4 28.Bf1 Be8 29.Rb7 Bf6 30.Bc4+ Kh8
31.a3 bxa3 32.Bxa3 Nd7 33.Be6 Rb8 34.Rxb8 Nxb8 35.Bxf5 Nc6 36.Nc8
Nxd4 37.exd4 Bxd4+ 38.Kf1 Bb5+ 39.Ke1 Bd3 40.Nd6 Bc2 41.Bxe4
Bxb3 42.Kd2 g6 43.Bc2 Be6 44.Ne4 Bg1 45.h4 Bh2 46.Ke3 Bg4 47.Kf2
Bh3 48.Ng5 Bd7 49.Bb2+ Kg8 50.Bb3+ Kf8 1-0

[Event ""]
[Site ""]
[Date "????.??.??"]
[Round "2"]
[White "Ìàëûãèí Àëåêñàíäð"]
[Black "Äîáðîâ Âëàäèìèð"]
[Result "0-1"]
[WhiteElo "2164"]
[BlackElo "2519"]
[Annotator ""]
[Source ""]
[Remark ""]

1.e4 c5 2.Nc3 Nc6 3.f4 g6 4.Nf3 Bg7 5.Bb5 Nd4 6.O-O Nxb5 7.Nxb5
d5 8.e5 d4 9.d3 Nh6 10.c3 dxc3 11.bxc3 O-O 12.a4 Bf5 13.d4 a6
14.Na3 cxd4 15.cxd4 Rc8 16.Qb3 Be4 17.Bb2 Nf5 18.Kh1 Qd5 19.Qxd5
Bxd5 20.a5 Bh6 21.Ne1 Rfd8 22.Rf2 Be4 23.Rd1 Ne3 24.Rdd2 Nd5
25.Rde2 Bf5 26.g3 Nb4 27.Rd2 Nc6 28.h3 Nxa5 29.g4 Be4+ 30.Kg1
f5 31.gxf5 Bxf5 {%02 äàëåå íåðàçáîð÷èâî} 0-1

[Event ""]
[Site ""]
[Date "????.??.??"]
[Round "2"]
[White "Çàáîòèí Àëåêñàíäð"]
[Black "Øóëàêîâà Ñâåòëàíà"]
[Result "1-0"]
[WhiteElo "2491"]
[BlackElo "2158"]
[Annotator ""]
[Source ""]
[Remark ""]

1.d4 d5 2.c4 c6 3.Nc3 Nf6 4.e3 e6 5.Nf3 Nbd7 6.Qc2 Bd6 7.Be2
dxc4 8.Bxc4 a6 9.O-O b5 10.Be2 Bb7 11.e4 e5 12.Rd1 Qe7 13.dxe5
Nxe5 14.Nd4 g6 15.f4 Bc5 16.b4 Bxd4+ 17.Rxd4 Ned7 18.e5 Nd5 19.Ne4
O-O 20.Qd2 Rad8 21.Bb2 N7b6 22.Re1 Na4 23.Ba1 c5 24.bxc5 Nxc5
25.Nd6 Ne6 26.Rxd5 Bxd5 27.Qxd5 Nxf4 28.Qd4 Qg5 29.Bf3 Ne6 30.Qb4
Rd7 31.Ne4 Qe7 32.Nf6+ Kg7 33.Qh4 h6 34.Kh1 Rc7 35.Bc3 g5 36.Qe4
Rh8 37.Nd5 Qc5 38.Nxc7 Qxc7 39.Bb4 a5 40.Bd6 Qc3 41.Bg4 1-0

[Event ""]
[Site ""]
[Date "????.??.??"]
[Round "2"]
[White "Ãàíè÷åâ Àëåêñàíäð"]
[Black "Ãóáàéäóëëèí Àëåêñåé"]
[Result "0-1"]
[WhiteElo "2154"]
[BlackElo "2441"]
[Annotator ""]
[Source ""]
[Remark ""]

1.e4 c5 2.Nf3 g6 3.c4 Bg7 4.d4 Qa5+ 5.Nc3 d6 6.Be2 Bg4 7.Be3
Nc6 8.d5 Bxf3 9.Bxf3 Ne5 10.Qb3 Nxf3+ 11.gxf3 Qc7 12.O-O Nf6
13.Qc2 O-O 14.Rab1 Nh5 15.Ne2 Qd7 16.Ng3 Qh3 17.f4 Bh6 18.Nxh5
Qxh5 19.Qd1 Qh3 20.Kh1 f5 21.e5 dxe5 22.fxe5 Bxe3 23.fxe3 Qxe3
24.Re1 Qf4 25.Qd3 Rad8 26.b4 cxb4 27.Rxb4 b6 28.a4 e6 29.d6 Qf2
30.Re3 f4 0-1

[Event ""]
[Site ""]
[Date "????.??.??"]
[Round "2"]
[White "Øàðàôèåâ Àçàò"]
[Black "Óðàåâ Èâàí"]
[Result "1/2-1/2"]
[WhiteElo "2418"]
[BlackElo "2150"]
[Annotator ""]
[Source ""]
[Remark ""]

1.e4 c5 2.Nf3 e6 3.d4 cxd4 4.Nxd4 a6 5.Nc3 Qc7 6.Be3 Bb4 7.Nde2
Nf6 8.a3 Be7 9.h3 d6 10.g4 h6 11.Bg2 Nc6 12.O-O Ne5 13.Kh1 Ng6
14.Kg1 Ne5 15.b3 b5 16.f4 Nc6 17.Qe1 Bb7 18.Rd1 Nd7 19.a4 b4
20.Na2 a5 21.c3 Nc5 22.cxb4 axb4 23.Nxb4 Nxb4 24.Qxb4 Ba6 25.Nd4
Bxf1 26.Rxf1 O-O 27.Nb5 Qb6 28.Ra1 Qa5 29.Qa3 Rfc8 30.Bxc5 1/2-1/2

[Event ""]
[Site ""]
[Date "????.??.??"]
[Round "2"]
[White "Áàðàíîâ Ðîìàí"]
[Black "Ðîä÷åíêîâ Âèòàëèé"]
[Result "0-1"]
[WhiteElo "2142"]
[BlackElo "2414"]
[Annotator ""]
[Source ""]
[Remark ""]

1.e4 c5 2.Nf3 Qb6 3.Nc3 e6 4.Bc4 Nc6 5.O-O d6 6.d3 Nf6 7.a3 Be7
8.Rb1 O-O 9.Qe2 a6 10.Ba2 Qc7 11.Nd1 b5 12.Re1 Bb7 13.Ne3 Rfe8
14.Nf1 Rac8 15.Bg5 h6 16.Bf4 e5 17.Bd2 Bf8 18.Ng3 g6 19.h4 Qd7
20.h5 Kh8 21.hxg6 fxg6 22.Rf1 Bg7 23.Nh2 Nd4 24.Qd1 c4 25.Bc3
d5 26.exd5 Qxd5 27.f3 Qc5 28.Rf2 Nd5 29.Ne4 Qb6 30.Bxd4 exd4
31.Nf1 Be5 32.g4 Ne3 33.Qe2 Bd5 34.dxc4 bxc4 35.Nxe3 dxe3 36.Rg2
Bg7 37.c3 Rcd8 38.Rd1 Bxe4 39.Rxd8 Rxd8 40.fxe4 Rd2 41.Qxc4 0-1

[Event ""]
[Site ""]
[Date "????.??.??"]
[Round "2"]
[White "Áðàãèí Àëåêñàíäð"]
[Black "Ïîëîíîâñêèé Ãðèãîðèé"]
[Result "1-0"]
[WhiteElo "2396"]
[BlackElo "2141"]
[Annotator ""]
[Source ""]
[Remark ""]

1.e4 c5 2.Nf3 d6 3.d4 cxd4 4.Nxd4 Nf6 5.Nc3 a6 6.Bc4 e6 7.Bb3
b5 8.Qf3 Qc7 9.O-O Be7 10.Qg3 O-O 11.Bh6 Ne8 12.Rad1 Kh8 13.Bg5
b4 14.Bxe7 Qxe7 15.Nce2 Nf6 16.f3 Bb7 17.c3 bxc3 18.Nxc3 Nbd7
19.Nde2 Ne5 20.f4 Ned7 21.Qh4 Rae8 22.Ng3 d5 23.exd5 Qc5+ 24.Kh1
exd5 25.Nf5 g6 26.Nd4 Ne4 27.Nxe4 Rxe4 28.Nf3 f6 29.Qh3 Qd6 30.Bc2
Re7 31.Bxg6 Rg7 32.Bf5 Nc5 33.b4 1-0

[Event ""]
[Site ""]
[Date "????.??.??"]
[Round "2"]
[White "Êîçûðåâ Ñåðãåé"]
[Black "Ëàâðèê Äìèòðèé"]
[Result "1/2-1/2"]
[WhiteElo "2135"]
[BlackElo "2387"]
[Annotator ""]
[Source ""]
[Remark ""]

1.Nf3 Nf6 2.c4 g6 3.Nc3 Bg7 4.e4 d6 5.d4 O-O 6.Be2 e5 7.O-O Nc6
8.d5 Ne7 9.Ne1 Nd7 10.f3 f5 11.g4 a5 12.Be3 fxg4 13.fxg4 Rxf1+
14.Kxf1 h6 15.Qd2 Nf6 16.Bxh6 Nxg4 17.Bxg7 Kxg7 18.Kg1 Ng8 19.Ng2
c6 20.Bxg4 Bxg4 21.Qe3 Nh6 22.h3 Bd7 23.Rd1 c5 24.Rf1 Qe7 25.Rf3
Rf8 26.Rxf8 Qxf8 27.Qg3 Qf6 28.Nh4 g5 29.Ng2 Kg6 30.Nd1 b5 31.b3
b4 32.Nde3 Kh5 33.Nf1 a4 34.Qe3 a3 35.Nh2 Qf8 36.Qg3 Qf6 37.Qe3
g4 38.hxg4+ Bxg4 39.Nxg4 Kxg4 40.Kh2 Kh5 41.Qh3+ Kg6 42.Kg3 Qg5+
43.Kf3 Qh5+ 44.Qxh5+ Kxh5 45.Ne3 Kh4 46.Ng2+ Kg5 47.Ne3 Kg6 48.Kg3 1/2-1/2

[Event ""]
[Site ""]
[Date "????.??.??"]
[Round "2"]
[White "Àëåøèí Îëåã"]
[Black "Ëàçàðåâ Àíàòîëèé"]
[Result "1-0"]
[WhiteElo "2374"]
[BlackElo "2133"]
[Annotator ""]
[Source ""]
[Remark ""]

1.e4 Nf6 2.e5 Nd5 3.d4 d6 4.Nf3 Bg4 5.Be2 Nc6 6.h3 Bf5 7.exd6
exd6 8.O-O Be7 9.c4 Nb6 10.d5 Nb8 11.Nd4 Bg6 12.Nc3 O-O 13.Be3
Re8 14.Qd2 N8d7 15.b3 Nf8 16.Rae1 Nbd7 17.g3 Nc5 18.b4 Ne4 19.Nxe4
Bxe4 20.f3 Bg6 21.f4 Be4 22.Nb5 Qd7 23.Kh2 Bf6 24.Bg4 Qd8 25.Bd4
Bxd4 26.Nxd4 c6 27.dxc6 bxc6 28.Bf5 Bxf5 29.Nxf5 d5 30.cxd5 cxd5
31.Qd4 Qf6 32.Qxf6 gxf6 33.Ne7+ Kg7 34.Nxd5 Red8 35.Rd1 Rab8
36.a3 Ne6 37.Ne7 Nd4 38.Rxd4 1-0

[Event ""]
[Site ""]
[Date "????.??.??"]
[Round "2"]
[White "Ãðàíîâñêèé Àëåêñàíäð"]
[Black "Ãèëåâ Äìèòðèé"]
[Result "1-0"]
[WhiteElo "2356"]
[BlackElo "2095"]
[Annotator ""]
[Source ""]
[Remark ""]

1.e4 c5 2.Nf3 d6 3.c3 Nf6 4.Be2 Nc6 5.d4 e6 6.Nbd2 d5 7.e5 Nd7
8.O-O Qb6 9.Qa4 Qa5 10.Qc2 Qb6 11.Nb3 Be7 12.Rd1 a5 13.Be3 a4
14.Nxc5 Nxc5 15.dxc5 Bxc5 16.Bxc5 Qxc5 17.Bd3 g6 18.Qd2 Qe7 19.Qh6
Qf8 20.Qf4 Qe7 21.g4 Bd7 22.b4 O-O 23.g5 Qd8 24.h4 Ne7 25.Nh2
Nf5 26.Ng4 Kg7 27.Nf6 Qc7 28.Bxf5 exf5 29.c4 d4 30.Rxd4 Be6 31.Rad1
b5 32.c5 Bxa2 33.Rd7 Qc8 34.h5 Be6 35.Qh4 Qxd7 36.Rxd7 1-0

[Event ""]
[Site ""]
[Date "????.??.??"]
[Round "2"]
[White "Ãàðãîëèí Ïàâåë"]
[Black "Îêðóãèí Ñåðãåé"]
[Result "0-1"]
[WhiteElo "2111"]
[BlackElo "2354"]
[Annotator ""]
[Source ""]
[Remark ""]

1.e4 d5 2.exd5 Qxd5 3.Nc3 Qd6 4.d4 Nf6 5.Nf3 Bg4 6.Nb5 Qb6 7.Bf4
Nd5 8.Bg3 e6 9.a3 a6 10.Nc3 Bxf3 11.gxf3 Nxc3 12.bxc3 Qc6 13.c4
Bd6 14.c5 Bxg3 15.hxg3 Nd7 16.Bd3 Nf6 17.Qe2 b6 18.Bxa6 O-O 19.Rb1
Qa4 20.Bd3 Qxd4 21.cxb6 cxb6 22.Qe3 Qxe3+ 23.fxe3 Rxa3 24.Kd2
Rb8 25.Rh4 g6 26.Rhb4 Nd5 27.R4b3 Rxb3 28.Rxb3 Kf8 29.c4 Nc7
30.Ra3 Ke7 31.Ra7 Kd6 32.Be4 f5 33.Rb7 Rxb7 34.Bxb7 Kc5 35.Kd3
e5 36.e4 Ne6 37.Bc8 Nd4 38.exf5 Nxf5 39.g4 Nd6 40.Be6 h5 41.g5
h4 42.Ke2 Kd4 43.Kf2 e4 44.f4 e3+ 45.Ke2 Ke4 0-1

[Event ""]
[Site ""]
[Date "????.??.??"]
[Round "2"]
[White "Èëþøêèí Åâãåíèé"]
[Black "Ðàêîâ Àíàòîëèé"]
[Result "0-1"]
[WhiteElo "2351"]
[BlackElo "2074"]
[Annotator ""]
[Source ""]
[Remark ""]

1.d4 d5 2.c4 c6 3.e3 Nf6 4.Nc3 Bf5 5.cxd5 Nxd5 6.Bd3 Bxd3 7.Qxd3
e6 8.Nf3 Bb4 9.e4 Nf6 10.O-O Nbd7 11.a3 Bxc3 12.bxc3 Nc5 13.Qb1
Ncxe4 14.Qxb7 O-O 15.c4 c5 16.Be3 cxd4 17.Bxd4 Qc8 18.Qb3 Rd8
19.Rfd1 Rb8 20.Qc2 Rb7 21.Re1 Nd6 22.Rac1 Nf5 23.Be5 Nd7 24.h3
Nxe5 25.Rxe5 Nd4 26.Nxd4 Rxd4 27.Rb5 Rc7 28.Qb3 Rd8 29.Qb4 Qd7
30.c5 Rdc8 31.a4 h6 32.a5 Rc6 33.Rb7 R8c7 34.Rb8+ Kh7 35.Qe4+
f5 36.Qe3 Qd5 37.Rb5 e5 38.Qa3 Rg6 39.g3 0-1

[Event ""]
[Site ""]
[Date "????.??.??"]
[Round "2"]
[White "Ñìèðíîâ Àëåêñàíäð"]
[Black "Ìàñëîâ Ìèõàèë"]
[Result "1-0"]
[WhiteElo "2108"]
[BlackElo "2325"]
[Annotator ""]
[Source ""]
[Remark ""]

1.d4 Nf6 2.Nf3 g6 3.Nc3 d5 4.Bf4 a6 5.e3 Nbd7 6.Be2 c5 7.Ne5
Bg7 8.Nxd7 Bxd7 9.dxc5 Qa5 10.O-O Qxc5 11.Be5 Bc6 12.Bf3 O-O
13.Ne2 Rfd8 14.Qd4 Qxc2 15.g4 Qa4 16.b4 Ne8 17.Bxg7 Nxg7 18.Nf4
Bb5 19.Rfe1 e6 20.h4 Bc4 21.h5 Qxb4 22.hxg6 hxg6 23.Nd3 Qe7 24.Ne5
b5 25.Kg2 f6 26.Nc6 Qf8 27.Nxd8 Rxd8 28.Rh1 e5 29.Qa7 e4 30.Bd1
d4 31.Bb3 dxe3 32.Bxc4+ bxc4 33.Qxe3 Qe7 34.Rad1 1-0

[Event ""]
[Site ""]
[Date "????.??.??"]
[Round "?"]
[White "Ëàðèíà Ìàðèÿ"]
[Black "Òóìàêîâ Äìèòðèé"]
[Result "0-1"]
[WhiteElo "2102"]
[BlackElo "2312"]
[Annotator ""]
[Source ""]
[Remark ""]

1.e4 c5 2.Nf3 Nc6 3.d4 cxd4 4.Nxd4 e5 5.Nb5 d6 6.Bc4 Be7 7.Bg5
Bxg5 8.Qxd6 Qa5+ 9.b4 Qxb4+ 10.c3 Qxd6 11.Nxd6+ Ke7 12.Nxf7 Bh6
13.Nxh8 Be6 14.Bxe6 Kxe6 15.Nd2 Nf6 16.Ng6 hxg6 17.f3 Rc8 18.Rc1
Nb4 19.Ke2 Nxa2 20.Rc2 Nxc3+ 21.Kd3 Bxd2 22.Kxd2 Ncxe4+ 23.fxe4
Nxe4+ 24.Kd3 Rxc2 25.Kxc2 a6 26.Rd1 Nd6 27.Rf1 a5 0-1

[Event ""]
[Site ""]
[Date "????.??.??"]
[Round "2"]
[White "Áûêîâ Åâãåíèé"]
[Black "Áåëèêîâ Þðèé"]
[Result "0-1"]
[WhiteElo "2073"]
[BlackElo "2290"]
[Annotator ""]
[Source ""]
[Remark ""]

1.e4 d6 2.d4 Nf6 3.Nc3 g6 4.Nf3 Bg7 5.Be2 O-O 6.O-O Nbd7 7.h3
a6 8.e5 Ne8 9.e6 fxe6 10.Ng5 Nb6 11.Bg4 e5 12.Be6+ Kh8 13.d5
Bf6 14.Nf7+ Rxf7 15.Bxf7 Ng7 16.Bh6 Qf8 17.Be6 Bxe6 18.dxe6 Qc8
19.Bxg7+ Kxg7 20.Nd5 Nxd5 21.Qxd5 c6 22.Qb3 d5 23.c4 d4 24.c5
Qc7 25.Rae1 Rb8 26.Re4 b6 27.Qc4 bxc5 28.b3 Qd6 29.Rc1 Qd5 30.Ree1
Rb5 31.Rc2 e4 32.Rce2 Rb4 33.Qxa6 d3 34.Rd2 Bc3 35.Red1 Qxe6
36.Kf1 Rd4 37.Qb6 Rd5 38.a4 e3 39.fxe3 Bxd2 40.Rxd2 Qxe3 0-1